| 000 | 01619nam0a2200397 4500 | ||
|---|---|---|---|
| 001 | RU\NLR\bibl\1171312 | ||
| 005 | 20250615085519.0 | ||
| 010 |
_a978-5-902543-15-2 _9500 |
||
| 021 |
_aRU _b2007-78983 _94253 |
||
| 035 | _a(nilc)EL/0000161100 | ||
| 035 | _aRU\LSL\TAT_B\2216 | ||
| 035 | _aRU\LSL\Books\2520727 | ||
| 035 | _a(NLR Aleph) 001158000 | ||
| 090 |
_a1519430 _c1519430 |
||
| 100 | _a20071130d2007 |||y0rusy50 ca | ||
| 101 | 0 | _arus | |
| 102 | _aRU | ||
| 105 | _ay ||||||||| | ||
| 200 | 1 |
_aАнархизм в истории России _eот истоков к современности _eбиблиографический словарь-справочник _fВ.Д. Ермаков, П.И. Талеров _gС.-Петерб. гос. ун-т культуры и искусств |
|
| 210 |
_aСанкт-Петербург _cСоларт _d2007 |
||
| 215 |
_a723 с. _d22 |
||
| 300 | _aАвт. на обл. не указаны | ||
| 320 | _aПредм. указ.: с. 630-649 | ||
| 606 | 1 |
_aАнархизм _jБиблиография _yРоссия _9963945 _3RU\NLR\auth\6641537 |
|
| 686 |
_aФ633я1 _vLBC/M _2rubbk |
||
| 686 |
_aТ3(2)53-543 _vLBC/M _2rubbk |
||
| 686 |
_a03.19 _2rugasnti |
||
| 686 | _aТ3(2)5-484я1 | ||
| 700 | 1 |
_aЕрмаков _bВ. Д. _gВладимир Дмитриевич _4070 |
|
| 701 | 1 |
_aТалеров _bП. И. _gПавел Иванович _4070 |
|
| 801 | 0 |
_aRU _bНБ Казанского ГУ _c20030620 _gPSBO |
|
| 801 | 1 |
_aRU _bНБ Казанского ГУ _c20071210 _gPSBO |
|
| 801 | 2 |
_aRU _bNLR _c20071224 _grcr |
|
| 942 | _cBOOK | ||
| 980 | _aNB | ||